00627nam a2200193Ia 4500008004100000020001500041082001600056100002000072245004800092250000800140260003500148300002800183500001900211600003400230650001500264942000700279952013200286999001500418240925s9999 xx 000 0 und d a007033045x a621.382 JOR aJorgensen, Finn 4aThe Complete Handbook of Magnetic Recording a4th aNew York:bMcGraw-Hillc,1995. axvii,455p.bNAfPirated aIncludes Index aTelecommunication Engineering aTechnology cBK 001040708ELaUITUbUITUd1998-01-30eRoyal Book Companyg3399.00l0o621.382 JORpQ1494r2024-09-25 07:12:27w2024-09-25yBK c3993d3993